000
00271nam a2200097Ia 4500
008
220204s9999 xx 000 0 und d
082
_a
330.34(100)
_b
WOR
245
0
_a
World Development report: Infrastructure for development
260
_a
USA
_b
World Bank
_c
1994
942
_c
BK
999
_c
40635
_d
40635